000 00672nam 22001933 4500
001 195051
010 _a972-31-1019-9
021 _b198101/03
090 _a195051
100 _a20250311d u||y0pory50 ba
200 _aEstudos de tradução
_efundamentos de uma disciplina
_fSusan Bassnett
_gtradução de Viviana de Campos Figueiredo
_grevisão de Ana Maria Chaves
210 _aLisboa
_cFundação Calouste Gulbenkian
_d2003
215 _a242 p.
_cbrochado
_d18 cm
606 _911269
_aQuestões gerais em linguística e literatura. Filologia
675 _a80
_vPT
_zpor
700 _911278
_aBassnett
_bSusan
801 _aPT
_bBMMN
_gRPC
830 _cFernando
_fFernando
990 _cLIVROS